000 00704nam a2200265Ia 4500
003 OSt
005 20221006142718.0
006 a|||||r|||| 00| 0
007 ta
008 221006b |||||||| |||| 00| 0 eng d
020 _a0415088135
_c1848.75
024 _a7,003
037 _cTextual
040 _aEASL
_cEASL
_beng
041 _2eng
_aeng
082 _aQ6.42.K, N3
100 _aMORAN J F
_9648236
245 0 _aJapanese and the jesuits
_b Alessandro valignano in sixteenth century Japan
260 _aLondon
_bRoutledge
_c1993
300 _a238p.
_ccm.
490 _v JEL
650 _aJEL
942 _hQ6.42.K, N3
_cTEXL
_2CC
999 _c1075089
_d1075089